Online
Catalog

Antonio Maceo : (Record no. 1597)

MARC details
000 -CABECERA
campo de control de longitud fija 00914cam a2200217 a 4500
001 - NÚMERO DE CONTROL
campo de control 000001719
005 - FECHA Y HORA DE LA ÚLTIMA TRANSACCIÓN
campo de control 20200929145656.0
008 - DATOS DE LONGITUD FIJA--INFORMACIÓN GENERAL
campo de control de longitud fija 810311s1945 cu a r 000 0 spa d
040 ## - FUENTE DE LA CATALOGACIÓN
Centro catalogador/agencia de origen DO-SdBNP
Lengua de catalogación spa
Centro/agencia transcriptor BNPHU
082 ## - NÚMERO DE LA CLASIFICACIÓN DECIMAL DEWEY
Número de clasificación 923.591
Número de documento/Ítem M141c
110 1# - ENTRADA PRINCIPAL--NOMBRE DE ENTIDAD CORPORATIVA
Nombre de entidad corporativa o nombre de jurisdicción como elemento de entrada Cuba.
Título de la obra Archivo Nacional.
9 (RLIN) 5592
245 10 - MENCIÓN DE TÍTULO
Título Antonio Maceo :
Resto del título documentos para su vida /
Mención de responsabilidad, etc. prefacio Julian Martínez Castells.
260 ## - PUBLICACIÓN, DISTRIBUCIÓN, ETC.
Lugar de publicación, distribución, etc. La Habana :
Nombre del editor, distribuidor, etc. [Talleres del Archivo Nacional de Cuba],
Fecha de publicación, distribución, etc. 1945.
300 ## - DESCRIPCIÓN FÍSICA
Extensión 184 p. :
Otras características físicas il. ;
Dimensiones 27 cm.
490 1# - MENCIÓN DE SERIE
Mención de serie Publicaciones del Archivo Nacional de Cuba,
Designación de volumen o secuencia 7
500 ## - NOTA GENERAL
Nota general "Homenaje del Archivo Nacional de Cuba al Lugarteniente General del Ejército Libertador en el centenario de su nacimiento 1845-1945".
600 10 - PUNTO DE ACCESO ADICIONAL DE MATERIA--NOMBRE DE PERSONA
Nombre de persona MACEO, ANTONIO,
Fechas asociadas al nombre 1845-1896.
9 (RLIN) 5593
651 #4 - PUNTO DE ACCESO ADICIONAL DE MATERIA--NOMBRE GEOGRÁFICO
Nombre geográfico Cuba
Subdivisión general Historia
-- Fuentes
9 (RLIN) 5594
700 1# - PUNTO DE ACCESO ADICIONAL--NOMBRE DE PERSONA
Nombre de persona Martínez Castells, Julian.
9 (RLIN) 5595
830 #0 - PUNTO DE ACCESO ADICIONAL DE SERIE-TÍTULO UNIFORME
Título uniforme Publicaciones del Archivo Nacional de Cuba,
Número de parte o sección de la obra 7
9 (RLIN) 5596
Holdings
Estado de retiro Estado de pérdida Restricciones de uso No para préstamo Código de colección Localización permanente Ubicación/localización actual Ubicación en estantería Fecha de adquisición Número de inventario Total de préstamos Signatura topográfica completa Código de barras Fecha visto por última vez Precio válido a partir de Tipo de ítem Koha
      Excluido de préstamo Monografías: Libros y Folletos General General Depósito 22.09.2009 LF1   923.591 M141c 1719-10 25.06.2020 25.06.2020 No se presta

Powered by Koha